| 000 | 00623nam a22001577a 4500 | ||
|---|---|---|---|
| 003 | OSt | ||
| 005 | 20150921163155.0 | ||
| 008 | 150921b xxu||||| |||| 00| 0 eng d | ||
| 040 | _cRUA | ||
| 082 | _aAGR MIE 2008 B035 Or.1 | ||
| 100 |
_91039 _aMIECH DAROTH |
||
| 245 | _acropping system analysis in phnomsampov commune banan district battambang province,(ការវិភាគប្រព័ន្ធដំាដុះនៅឃុំភ្នំ សំពៅ ស្រុកបាណន់ ខេត្តបាត់ដំបង) | ||
| 260 |
_aphnom penh _bRUA _c2008 |
||
| 300 |
_ax,51p. _cill. _g29cm. |
||
| 942 |
_2ddc _cAGR |
||
| 999 |
_c999 _d999 |
||